| 000 -LEADER |
| fixed length control field |
01318pab a2200157 454500 |
| 008 - FIXED-LENGTH DATA ELEMENTS--GENERAL INFORMATION |
| fixed length control field |
180718b2003 xxu||||| |||| 00| 0 eng d |
| 100 ## - MAIN ENTRY--PERSONAL NAME |
| Personal name |
Hall, Ronald E. |
| 245 ## - TITLE STATEMENT |
| Title |
The hegemony of Eurocentrism in social work practice: from race to culture as ecological perspective vis-a-vis Southeast Asian |
| 260 ## - PUBLICATION, DISTRIBUTION, ETC. |
| Date of publication, distribution, etc. |
2003 |
| 300 ## - PHYSICAL DESCRIPTION |
| Extent |
p.418-31. |
| 362 ## - DATES OF PUBLICATION AND/OR SEQUENTIAL DESIGNATION |
| Dates of publication and/or sequential designation |
Jul |
| 520 ## - SUMMARY, ETC. |
| Summary, etc. |
Emergence of Southeast Asian populations in Western societies corresponds to Eurocentrism in social work practice. As per practice, race is assumed the universal, governing category of the social work clientele. It is on the basis of this hegemonic conceptual view that the construct of race is challenged by the emergence of alternative human population phenomena. For those who will engage in practice specific to the Southeast Asian populations, race must be reduced in proportion to its significance in their lives. The utilisation of non-racial constructs includes the need for practitioners to acknowledge the ecological perspective and other culture specific belief systems. The outcome will contribute to the evolution of human well-being despite the prevalence of race constructs as hegemony vis-a-vis Southeast Asian populations. - Reproduced. |
| 650 ## - SUBJECT ADDED ENTRY--TOPICAL TERM |
| Topical term or geographic name entry element |
Social work |
| 773 ## - HOST ITEM ENTRY |
| Main entry heading |
Indian Journal of Social Work |
| 909 ## - |
| -- |
60718 |